Статистика; Нефть России; № 8

Podrobná bibliografie
Parent link:Нефть России: аналитический журнал.— , 1996, 1999-2012
№ 8.— 2003.— С. 94-95
Jazyk:ruština
Vydáno: 2003
Témata:
Médium: MixedMaterials Kapitola
KOHA link:https://koha.lib.tpu.ru/cgi-bin/koha/opac-detail.pl?biblionumber=387858

MARC

LEADER 00000naa2a2200000 4500
001 387858
005 20231101063649.0
035 |a (RuTPU)RU\TPU\prd\18124 
090 |a 387858 
100 |a 20031007a2003 k y0rusy50 ca 
101 0 |a rus 
102 |a RU 
200 1 |a Статистика 
461 1 |0 (RuTPU)RU\TPU\prd\1610  |t Нефть России  |o аналитический журнал  |d 1996, 1999-2012 
463 1 |0 (RuTPU)RU\TPU\prd\17844  |t № 8  |v С. 94-95  |d 2003 
610 1 |a нефть 
610 1 |a баланс спроса 
610 1 |a нефтедобывающие страны 
610 1 |a мировые цены 
610 1 |a добыча 
801 1 |a RU  |b 63413507  |c 20031007  |g PSBO 
801 2 |a RU  |b 63413507  |c 20140222  |g RCR 
942 |c BK